LEADER 01037nam0-22003611i-450- 001 990003365040403321 005 20120109101811.0 010 $a88-204-2336-7 035 $a000336504 035 $aFED01000336504 035 $a(Aleph)000336504FED01 035 $a000336504 100 $a20030910d1990----km-y0itay50------ba 101 0 $aita 102 $aIT 105 $ay-------001yy 200 1 $aManuale di tecnica doganale e commercio estero$fLuigi Lombardi 205 $a12. ed. aggiornata 210 $aMilano$cFranco Angeli$dc1990 215 $a657 p.$cill.$d22 cm 225 1 $aManuali professionali 610 0 $aCommercio internazionale$aDogane 676 $a336.26 700 1$aLombardi,$bLuigi$02875 801 0$aIT$bUNINA$gRICA$2UNIMARC 901 $aBK 912 $a990003365040403321 952 $aLOM336.26A$b3930D$fDECBC 952 $aLOM336.26B$b3930C$fDECBC 952 $aLOM336.26C$b3930/b$fDECBC 959 $aDECBC 996 $aManuale di Tecnica Doganale e Commercio Estero$9420228 997 $aUNINA